[Event "20th IPCA World-ch 2021"]
[Site "Torrevieja"]
[Date "2021.10.26"]
[Round "9.6"]
[White "Nikitskaya, Varvara"]
[Black "Aleksandrova, Aleksandra"]
[Result "1/2-1/2"]
[WhiteElo "1173"]
[BlackElo "1728"]
[Annotator "NA RC"]
[PlyCount "111"]
[EventDate "2021.10.19"]
[EventType "swiss"]
[EventRounds "9"]
[EventCountry "ESP"]
[SourceTitle "playchess.com"]
[Source "ChessBase"]
[SourceQuality "1"]
[TimeControl "5400+30"]

1. d4 d6 2. e4 c6 3. Nc3 Qa5 4. f4 Nf6 5. e5 dxe5 6. fxe5 Ne4 7. Bd2 Nxd2 8. Qxd2 Bg4 9. Qg5 h5 10. h3 Be6 11. Nf3 Qb4 12. O-O-O g6 13. Kb1 Nd7 14. Bd3 Nb6 15. Rhe1 O-O-O 16. a3 Qa5 17. Ne4 Nd5 18. Nc5 Bh6 19. Qh4 Ne3 20. Qxe7 Qc7 21. Qxc7+ Kxc7 22. Nxe6+ fxe6 23. Rd2 Nd5 24. Rf2 g5 25. c3 Rdf8 26. c4 Nf4 27. Bf1 Ng6 28. Rc2 Rd8 29. Re4 Rhf8 30. Be2 Nf4 31. Bd1 c5 32. b4 g4 33. hxg4 hxg4 34. Ne1 cxd4 35. Bxg4 d3 36. Rd2 Rg8 37. Bf3 Ne2 38. Rxd3 Rxd3 39. Nxd3 Nc3+ 40. Kc2 Nxe4 41. Bxe4 Rg4 42. Nc5 b6 43. Nxe6+ Kd7 44. Bd5 Rg3 45. a4 Re3 46. a5 b5 47. cxb5 Rxe5 48. Nc5+ Kd6 49. Bf3 Be3 50. Ne4+ Kc7 51. Kd3 Bg1 52. Kc4 Bh2 53. b6+ axb6 54. a6 b5+ 55. Kd4 Re6 56. Kc5 1/2-1/2

[Event "20th IPCA World-ch 2021"]
[Site "Torrevieja"]
[Date "2021.10.26"]
[Round "9.8"]
[White "Zakharova, Evgeniya"]
[Black "Nazarov, Nicolai"]
[Result "1-0"]
[WhiteElo "2045"]
[BlackElo "1770"]
[Annotator "TA"]
[PlyCount "51"]
[EventDate "2021.10.19"]
[EventType "swiss"]
[EventRounds "9"]
[EventCountry "ESP"]
[SourceTitle "playchess.com"]
[Source "ChessBase"]
[SourceQuality "1"]

{[%evp 9,51,0,61,56,61,40,60,24,48,57,62,28,54,47,50,43,58,39,30,28,39,32,55,52,55,54,171,166,167,169,170,166,172,165,172,162,194,177,190,190,189,191,191,183]} 1. d4 d5 2. c4 e6 3. g3 c6 4. Nf3 Bb4+ 5. Bd2 Qa5 {[#]} ({Black should try} 5... Be7 $11) 6. a3 $146 {D30: Queen's Gambit Declined: Systems without Nc3.} ({Predecessor:} 6. Bg2 dxc4 7. Ne5 Ne7 8. Nxc4 Bxd2+ 9. Nbxd2 Qd8 10. e3 O-O 11. O-O Nd7 12. Qc2 {1-0 (40) Fischoeder,H (1924)-Rother,J (1877) Nordrheinwestfalen 2012}) 6... Bxd2+ 7. Qxd2 (7. Nbxd2 {is interesting.} dxc4 8. Bg2 b5 9. a4 Qc7 10. Qc1) 7... Qxd2+ 8. Nfxd2 {White is slightly better.} (8. Nbxd2 {seems wilder.} Ne7 9. e3 b6 10. Be2 O-O 11. b4) 8... Nf6 9. Nc3 O-O 10. Bg2 Nbd7 11. O-O Nb6 12. b3 Re8 13. c5 Nbd7 14. f4 b6 15. b4 Bb7 16. Bf3 a5 17. Rfb1 b5 (17... Reb8 $14) 18. bxa5 $18 {White is clearly better.} Rxa5 {[#]} 19. a4 $1 Rea8 20. Nb3 R5a6 21. axb5 cxb5 22. Nxb5 Rxa1 23. Rxa1 Nb8 24. Rxa8 Bxa8 25. Na5 Kf8 26. Na7 {Weighted Error Value: White=0.04/Black=0.20} 1-0

[Event "20th IPCA World-ch 2021"]
[Site "Torrevieja"]
[Date "2021.10.26"]
[Round "9.9"]
[White "Wollner, Bohus"]
[Black "Vasquez, Georges"]
[Result "0-1"]
[WhiteElo "1107"]
[BlackElo "1864"]
[Annotator "NA RC"]
[PlyCount "68"]
[EventDate "2021.10.19"]
[EventType "swiss"]
[EventRounds "9"]
[EventCountry "ESP"]
[SourceTitle "playchess.com"]
[Source "ChessBase"]
[SourceQuality "1"]
[TimeControl "5400+30"]

1. d4 Nf6 2. c4 g6 3. Nc3 Bg7 4. Nf3 d6 5. Bg5 h6 6. Bc1 O-O 7. e4 Nbd7 8. Be2 e5 9. O-O a5 10. b3 Re8 11. Bb2 exd4 12. Nxd4 Nxe4 13. Nxe4 Rxe4 14. Bf3 Re8 15. Bg4 Ne5 16. Bxc8 Rxc8 17. Rb1 Qd7 18. a4 b6 19. Ba1 Nc6 20. Nxc6 Qxc6 21. Bxg7 Kxg7 22. Qd4+ f6 23. Rbc1 Qc5 24. Qxc5 bxc5 25. Rfd1 Re2 26. Kf1 Rce8 27. h3 Kf7 28. g3 Rb2 29. Rb1 Rxb1 30. Rxb1 f5 31. Re1 Rxe1+ 32. Kxe1 c6 33. Ke2 d5 34. Kd3 Kf6 0-1